000 01838cam a22005414i 4500
003 PE-LiUPU
005 20250731180134.0
008 150625s r 000 0 d
020 _a9681666585
035 _a(Sirsi) i9789681666583
040 _aPE-LiUPU
_bspa
_cPE-LiUPU
_erda
049 _aPRUA
082 0 4 _a508.2
_bP45
_221
100 1 _aPérez Tamayo, Ruy,
_eautor.
245 1 0 _aAcerca de Minerva /
_cRuy Pérez Tamayo.
250 _aTercera edición.
264 1 _aMéxico :
_bFCE, SEP, CONACyT,
_c2002.
300 _a206 páginas :
_bilustraciones ;
_c21 centímetros
336 _atext
_2rdacontent
337 _aunmediated
_2rdamedia
338 _avolume
_2rdacarrier
490 0 _aLa Ciencia para todos ;
_v40
505 0 _aLa estructura de la ciencia. -Del oficio de científico. -Ciencia, arte y humanismo. -Ciencia, ética y filosofía. -Ciencia y biomedicina. -Ciencia, economía y sociendad.
526 _aSEG44
526 _aSEG26
526 _aP159
526 _aP155
526 _aP154
526 _aP153
526 _aP150
526 _aP100
526 _aP31
526 _aP30
526 _aP26
526 _aP25
526 _aP24
526 _aP22
526 _aP15
526 _aP10
541 _g001-002528;
650 1 4 _aCiencia
_vObras de divulgación.
650 2 4 _aFilosofia.
942 _2ddc
_cBOOK
949 _a508.2 P45
_wDEWEY
_c1
_i57539
_lCCODEBUL1
_mBUL
_p8.00
_r0
_sY
_tBOOK
_u2015-6-25
_xEDUCACION
_PP20
_0COMPRA
_o.STAFF. Colección General
994 _aC0
_bPEPRU
596 _a1
999 _a508.2 P45
_wDEWEY
_c46571
_i57539
_f2021-11-5
_g4
_lCCODEBUL1
_mBUL
_p8.00
_r0
_sY
_tBOOK
_u2015-6-25
_xBIBLIOTECA
_PP20
_0COMPRA
_o.STAFF. Colección General
_d46571
980 _81
_gALBERTO SANCHEZ Responsable de Automatización